000
00302nam a22001097a 4500
008
170125b xxu||||| |||| 00| 0 eng d
020
_a
9781577540885
041
_a
eng
080
_2
1ST
_a
618.2
245
_a
THE OFFICIAL GUIDE TO THE MCAT EXAM
_c
ASSOCIATIONS OF AMERICAN MEDICAL COLLEGES
942
_2
udc
_c
BK
999
_c
3595
_d
3595